Регионална библиотека "Любен Каравелов" - Русе

Dancing for Diaghilev (Запис номер 38864)

MARC детайли
000 -Лидер
Контролно поле с фиксирана дължина 01137nam a2200349 a 4500
003 - Код на организацията, давaща контролен номер
Контролно поле BLK
005 - Дата и час на последна редакция
Контролно поле 20230717114946.0
008 - Елементи от данни с фиксирана дължина
fixed length control field 180408b bul|||||r ||||||| ||bul||
010 ## - Наследен системен номер
LC control number KNG00042130000
020 ## - Международен стандартен номер на книга ISBN
Международен стандартен номер на книга ISBN 0-916515-49-4
040 ## - Източник на каталожния запис
Идентификатор на билиотеката - собственик на записа BLK
041 ## - Код за език
Код за езика на текст/звукозапис или на отделно заглавие Английски
Код за езика КДБФ Английски
080 ## - УДК
Текстов определител УДК Балет. Изпълнители, актьори
УДК код - определител по УДК 792.8.071.2
УДК определител (092)
УДК - код + определител 792.8.071.2(092)
080 ## - УДК
УДК код - определител по УДК 929 Соколова, Лидия
УДК - код + определител 929 Соколова, Лидия
139 ## - Редно поле
Редна дума Dancing for Diaghilev
Авторски знак Сок - С 50
Filing suffix S 70
Feature heading С 50
245 10 - Сведения за заглавието
Заглавие Dancing for Diaghilev
Подзаглавни данни The memoirs of Lidia Sokolova
Редно поле (дума) ed. by Richard Buckle.
257 ## - Страна на издаване
Страна на създаване/издаване Съединени американски щати
260 ## - Област на издателските данни
Име на издателя, разпространителя и проч. Mercury House
Година на издаване 1989
Място на издаване, разпространение и проч. San Francisco
300 ## - Физическа характеристика
Страници 287 c., 8 л.
Илюстрации и др. ил.
Размери/Мащаб 21 см
380 ## - Жанр
Жанр Изкуство
490 ## - СЕРИИ (Колекции)
Име на серия The Lively Arts Series
600 14 - Име на лице, използвано като предмет
За него / За нея Соколова, Лидия
9 (RLIN) 276316
600 #0 - Име на лице, използвано като предмет
За него / За нея Sokolva, lidiya
9 (RLIN) 408756
700 1# - Други автори (авторска отговорност)
Лично име Buckle, Richard
Автороска отговорност (Описва отношението между автора и произведението) ed. by
9 (RLIN) 6359
852 ## - Местоположение
Форматна сигнатура Цб 175817
Фондова буква Хранилище
856 4# - Електронен адрес и достъп
Електронен формат pdf - файл
856 4# - Електронен адрес и достъп
Електронен формат pdf - файл
942 ## - АРТИКУЛИ
Вид на библиотечния материал Книги
Скрит в OPAC Не
Периодичен библиозапис Да
944 ## - СЪЗДАВАНЕ И РЕДАКЦИЯ на ЗАПИСА
Създаване/Редакция Създаване
Дата на регистрацията/редакция 15.01.2003
Служител, извършил регистрацията/редакцията 30542
Статус, дата на статуса Русанова Ирена
944 ## - СЪЗДАВАНЕ И РЕДАКЦИЯ на ЗАПИСА
Създаване/Редакция Редакция
Дата на регистрацията/редакция 17.07.2023
Служител, извършил регистрацията/редакцията ир
999 ## - СИСТЕМНИ КОНТРОЛНИ НОМЕРА
Koha biblionumber 38864
Koha biblioitemnumber 38864
999 ## - СИСТЕМНИ КОНТРОЛНИ НОМЕРА
Koha biblioitemnumber 38864
Наличности
Код за отписване Код за изгубен артикул Източник на класификационната схема Код за повреда Коз за рестрикции Код за отдаване Артикулен № Име на библиотеката - собственик Име на библиотеката, в която се намира в момента Статус (Текущо местоположение) Дата на вписване в системата Местоположение - отдел Цена в лева Инвентарен номер Систематично азбучна сигнатура Баркод Номер на екземпляра Цена в евро Служебна бележка Служебен тип на артикула
  Не е изгубен Universal Decimal Classification Не е повреден без рестрикции заемане за дома 60845 Регионална библиотека "Любен Каравелов" Русе Регионална библиотека "Любен Каравелов" Русе Отдел Изкуство - подръчен фонд 2001-01-01 Отдел Изкуство - подръчен фонд 890.00 593867 792.8(092)/С 50 Л 120000593867 1 455.05 Вид: Сф Дата инв: 18.06.2012 Бележки инв: * Книги
Vip Innovations Ltd, Rousse, Bulgaria 2025